Magnetism and the cosmos (Record no. 4218)

MARC details
000 -LEADER
fixed length control field 01027nam a2200253Ia 4500
003 - CONTROL NUMBER IDENTIFIER
control field IN-BaIIA
008 - FIXED-LENGTH DATA ELEMENTS--GENERAL INFORMATION
fixed length control field 211028s9999 xx 000 0 eng d
040 ## - CATALOGING SOURCE
Transcribing agency IIA Library
080 ## - UNIVERSAL DECIMAL CLASSIFICATION NUMBER
Universal Decimal Classification number 52-337
Item number HIN.1
110 ## - MAIN ENTRY--CORPORATE NAME
Corporate name or jurisdiction name as entry element NATO
9 (RLIN) 6419
111 ## - MAIN ENTRY--MEETING NAME
Meeting name or jurisdiction name as entry element NATO Advanced Study Institute on Planetary and Stellar Magnetism
Location of meeting University of Newcastle upon Tyne
Date of meeting or treaty signing 1965
9 (RLIN) 7412
245 #0 - TITLE STATEMENT
Title Magnetism and the cosmos
Remainder of title proceedings of NATO advanced study institute on planetary and stellar magnetism held in the departments of physics and mathematics, University of Newcastle Upon Tyne, 1965
Statement of responsibility, etc. edtied by W. R. Hindmarsh… [et al.]
260 ## - PUBLICATION, DISTRIBUTION, ETC.
Place of publication, distribution, etc. Edinburgh
Name of publisher, distributor, etc. Oliver and Boyd
Date of publication, distribution, etc. 1967
300 ## - PHYSICAL DESCRIPTION
Extent xiv, 436p.
650 ## - SUBJECT ADDED ENTRY--TOPICAL TERM
Topical term or geographic name entry element Astronomy and astrophysics thesaurus
650 ## - SUBJECT ADDED ENTRY--TOPICAL TERM
Topical term or geographic name entry element Magnetism
9 (RLIN) 56
650 ## - SUBJECT ADDED ENTRY--TOPICAL TERM
Topical term or geographic name entry element Universe
9 (RLIN) 1987
700 ## - ADDED ENTRY--PERSONAL NAME
Personal name Hindmarsh, W. R., ed.
9 (RLIN) 5549
700 ## - ADDED ENTRY--PERSONAL NAME
Personal name Lowes, F. J., ed.
9 (RLIN) 5550
700 ## - ADDED ENTRY--PERSONAL NAME
Personal name Roberts, P. H., ed.
9 (RLIN) 5551
700 ## - ADDED ENTRY--PERSONAL NAME
Personal name Runcorn, S. K., ed.
9 (RLIN) 4292
710 ## - ADDED ENTRY--CORPORATE NAME
Corporate name or jurisdiction name as entry element North Atlantic Treaty Organization
9 (RLIN) 6421
942 ## - ADDED ENTRY ELEMENTS (KOHA)
Koha item type Books
Holdings
Withdrawn status Lost status Damaged status Not for loan Home library Current library Shelving location Date acquired Cost, normal purchase price Total Checkouts Full call number Barcode Date last seen Cost, replacement price Price effective from Koha item type Purchase Price
        IIA Library-Bangalore IIA Library-Bangalore General Stacks 23/05/1973 142.75   52-337/ HIN.1 4708 05/11/2021 142.75 23/05/1973 Books Rs. 142.75

Powered by Koha